[Event "Belfort Defi 1st"]
[Site "Belfort"]
[Date "2004.10.26"]
[Round "4"]
[White "Mensch, Etienne"]
[Black "Desle, Regis"]
[Result "1-0"]
[WhiteElo "2330"]
[BlackElo "2171"]
[PlyCount "53"]
[EventDate "2004.10.23"]
[EventType "tourn"]
[EventRounds "10"]
[EventCountry "FRA"]
[EventCategory "4"]
[SourceTitle "EXT 2005"]
[Source "ChessBase"]
[SourceDate "2004.11.15"]
[SourceVersion "1"]
[SourceVersionDate "2004.11.15"]
[SourceQuality "1"]

1. d4 Nf6 2. c4 g6 3. f3 d5 4. cxd5 Nxd5 5. e4 Nb6 6. Nc3 Bg7 7. Be3 0-0 8. Qd2 Nc6 9. 0-0-0 f5 10. h4 fxe4 11. h5 e5 12. d5 Nd4 13. hxg6 hxg6 14. fxe4 Bg4 15. Be2 Bxe2 16. Ngxe2 Nc4 17. Qd3 Nxe3 18. Qxe3 Bf6 19. Qh3 Qe7 20. Kb1 Rae8 21. d6 cxd6 22. Nd5 Qg7 23. Nxd4 exd4 24. Qb3 Rf7 25. Nc7 Ree7 26. Ne6 Rxe6 27. Qxe6 1-0

[Event "Belfort Defi 1st"]
[Site "Belfort"]
[Date "2004.10.23"]
[Round "1"]
[White "Pham, Minh Hoang"]
[Black "Desle, Regis"]
[Result "1-0"]
[WhiteElo "2424"]
[BlackElo "2171"]
[PlyCount "77"]
[EventDate "2004.10.23"]
[EventType "tourn"]
[EventRounds "10"]
[EventCountry "FRA"]
[EventCategory "4"]
[SourceTitle "EXT 2005"]
[Source "ChessBase"]
[SourceDate "2004.11.15"]
[SourceVersion "1"]
[SourceVersionDate "2004.11.15"]
[SourceQuality "1"]

1. d4 Nf6 2. c4 g6 3. Nc3 d5 4. cxd5 Nxd5 5. Bd2 Bg7 6. e4 Nb6 7. Be3 0-0 8. Bb5 Bd7 9. Be2 Nc6 10. d5 Na5 11. Bd4 c5 12. Bxg7 Kxg7 13. b4 cxb4 14. Qd4+ Kg8 15. Qxb4 Nc8 16. Nf3 Qb6 17. Qa3 Nd6 18. Rb1 Qc7 19. 0-0 Rfc8 20. Rfc1 Qc5 21. Qb2 Ndc4 22. Bxc4 Qxc4 23. d6 Qe6 24. dxe7 Bc6 25. Qb4 b6 26. Rd1 Re8 27. Nd5 Bxd5 28. exd5 Qxe7 29. d6 Qd7 30. Ng5 f6 31. Ne4 Re6 32. Rbc1 Rc8 33. Rxc8+ Qxc8 34. d7 Qd8 35. Rd6 Kf7 36. Rxe6 Kxe6 37. Qd6+ Kf7 38. h4 Kg7 39. Nxf6 1-0